00672nam a2200229 a 4500001001300000003000900013005001700022008004100039020001000080082001600090100002400106245005200130260004600182300000900228500003500237505001000272650001800282902000800300942000700308952011600315999001100431nice12345678IN_TiNIC20260116011254.0050524s1876 dela grp 000 0 ara  ac10000a892.71bZOH aZoheir, Baha-Ud-Din aDiwan-E-Behauddin, Political Works of Behauddin aDelhi bCambridge University Press c1876 a306p aincludes index and biblioraphy2 aIllus aArabic-Poetry bSRS cBK 001040708StackRoom-aHMIbHMId2007-06-04g100.00l0o892.71 ZOHp00754r2007-06-04v100.00w2005-05-24yBK c63d63